000 00546nam a2200205Ia 4500
003 OSt
005 20220918231058.0
006 a|||||r|||| 00| 0
007 ta
008 220917b |||||||| |||| 00| 0 eng d
024 _a262,971
037 _cTextual
040 _aARTS
_cARTS
_beng
041 _2eng
_aeng
082 _aM95, M3
245 0 _aKeki Moos
_b Life and still life
260 _aBombay
_bMaharshtra State Board for Literature and Culture Mantralaya
_c1983
942 _hM95, M3
_cTEXL
_2CC
999 _c289785
_d289785